Country Flight Destinations - Bahamas - Statistics

General Stats
  • This quiz has been taken 11 times
  • The average score is 5 of 8
Answer Stats
Answer % Correct
Canada
100%
United States
100%
United Kingdom
89%
France
56%
Haiti
44%
Cuba
33%
Jamaica
22%
Panama
11%
No matching quizzes found
Score Distribution
Percent of People with Each Score
Percentile by Number Answered
Your Score History
You have not taken this quiz